书目信息 |
| 题名: |
电磁波
|
|
| 作者: | S.A.谢昆诺夫 著 ;廖世静 译 | |
| 分册: | ||
| 出版信息: | 北京 人民邮电出版社 |
|
| 页数: | 540页 | |
| 开本: | 20cm | |
| 丛书名: | ||
| 单 册: | ||
| 中图分类: | O441.4 | |
| 科图分类: | ||
| 主题词: | 电磁学 , 电动力学 | |
| 电子资源: | ||
| ISBN: | ||
| 000 | 00598nam0 2200205 450 | |
| 001 | 0653204374 | |
| 005 | 20060816144903.48 | |
| 100 | @a20060816d km y0chiy0120 ea | |
| 101 | 0 | @achi@crus |
| 102 | @aCN@b110000 | |
| 200 | 1 | @a电磁波@Adian ci bo@f(苏)S.A.谢昆诺夫著@F(su)S.A.xie kun nuo fu zhu@g廖世静译@Gliao shi jing yi |
| 210 | @a北京@c人民邮电出版社 | |
| 215 | @a540页@d20cm | |
| 606 | 0 | @a电磁学 |
| 606 | 0 | @a电动力学 |
| 690 | @aO441.4@v3 | |
| 701 | 0 | @aS.A.谢昆诺夫@AS.A.xie kun nuo fu@4著 |
| 702 | 0 | @a廖世静@Aliao shi jing@4译 |
| 801 | 0 | @aCN@bPFT@c20060816 |
| 905 | @a10447@dO441.4@e111 | |
| 电磁波/(苏)S.A.谢昆诺夫著/廖世静译.-北京:人民邮电出版社 |
| 540页;20cm |
| ISBN : |
| ● |
| 相关链接 |
|
|
|
|
正题名:电磁波
索取号:O441.4/111
 
预约/预借
| 序号 | 登录号 | 条形码 | 馆藏地/架位号 | 状态 | 备注 |
| 1 | 0461883 | 204618832 | 密集书库/ [索取号:O441.4/111] | 在馆 |